00928nam a22002537a 450000500170000001000130001702000220003003500130005203700160006504000120008108200150009310000250010824500800013326000400021327000590025330000330031250000500034565000670039565000220046270000250048494200240050999900190053395201220055220170124110210.0 aA-947562 c00.00a8173711305 aA-947562 bCen Lib/Ret aDPLbEN a509.2bGRI aGribbin, John920702 aRichard Feynman : cby John Gribbin [and] Mary Gribbinba life in science / aHyderabadbUniversities Pressc1997 a3-5-819, Hyderguda, HyderabadbAndhra Pradeshe500 029 axvii,301p. :c21cm(Hb)bill. aIncludes bibliographical references and index aFeynman, Richard P. -- (Richard Phillips), -- 1918-1988938063 aPhysicists938064 aGribbin, Mary920705 2ddccENh509.2mGRI c133482d133482 00104070aLbLd2015-07-27eCen Lib/Retg0.00l0o509.2 GRIpA-947562r2015-07-27 00:00:00t1v0.00w2015-07-27yEN